000 01167nam a2200229 a 4500
001 000014840
003 AM-YEHGA
005 20260119120546.0
008 030326s1996 ai ||||gr|||||||||||arm|d
040 _aAM-YeHGA
041 0 _aarm
100 1 _aՀակոբյան, Գրիգոր Ջանիբեկի,
_d1958-2005
_92019
245 1 0 _aԱրևմտահայ նորավեպը :
_b(1880-1910-ական թվականներ. ժանրի պատմություն և տեսություն) /
_cԳ. Հակոբյան ; Խմբ.՝ Ս. Սարինյան ; ՀՀ ԳԱԱ Մ. Աբեղյանի անվ. Գրակ. ին-տ.
260 _aԵրևան :
_bՀՀ ԳԱԱ «Գիտություն» հրատ.,
_c1996.
300 _a255 էջ
504 _aՄատենագիտ. էջ՝ 213-254 հայ. և ռուս.
650 1 4 _aԱրևմտահայ գրականագիտություն
700 1 _aՍարինյան, Սերգեյ Ներսեսի,
_d1924-2017
_eխմբ.
_4edt
_91030
710 2 _aԳրականության ինստիտուտ Մ. Աբեղյանի անվան ՀՀ ԳԱԱ
856 4 1 _uhttps://arar.sci.am/dlibra/publication/432190/edition/399259/content
_yԿարդալ առցանց
942 _2udc
_cBK
999 _c3874
_d3874